00557nam a22001697a 450000500170000001000260001702000280004303500230007103700130009408200110010710000230011824500720014126000470021327000550026030000220031550000500033720230302134844.0 aENG-110616 ENG-136287 a9789350533390c1000.00  aEN-94148 EN-119819 bDBAD/PUB a301.32 aMalankar, Seema S. aPopulation problems and policies in new era /cby Seema S. Malankar aNew Delhi bCyber Tech Publications c2014 bNew Delhi a4264/3, Ansari Road, Daryaganje110002 av,272p.c22cm(Hb) aIncludes bibliographical references and index